Most Common Irish Surnames - Statistics

General Stats
  • This quiz has been taken 364 times
  • The average score is 6 of 20
Answer Stats
Rank Surname % Correct
1 Murphy
74%
8 O'Connor
57%
5 O'Brien
53%
2 Kelly
52%
7 O'Sullivan
43%
11 O'Neill
39%
4 Ryan
34%
13 O'Reilly
31%
3 Byrne
27%
17 Fitzgerald
25%
10 McCarthy
25%
6 Walsh
24%
9 Doyle
22%
12 Lynch
17%
16 Brennan
9%
14 Dunne
9%
19 Kavanagh
8%
20 Nolan
8%
18 Daly
7%
15 McDonagh
6%
No matching quizzes found
Score Distribution
Percent of People with Each Score
Percentile by Number Answered
Your Score History
You have not taken this quiz